GUIDELINES for control of exposure to hazardous wood preservatives in the wood processing industry

Bibliographic Details
Corporate Author: Institut Penyelidikan Perhutanan Malaysia (FRIM)
Other Authors: Wong
Format: Book
Published: Kuala Lumpur : Institut Penyelidikan Perhutanan Malaysia , 1999
Edition:2nd ed.
Series:FRIM technical information handbook; n. 28
Subjects:

MARC

LEADER 00000cam a2200000 7i4500
001 0000002091
005 20021008.0
020 0 0 |a 983959298X 
090 0 0 |a FRIM674.386   |b GUI 1999 
245 0 0 |a GUIDELINES for control of exposure to hazardous wood preservatives in the wood processing industry   |c Andrew Wong Han Hoy 
250 0 0 |a 2nd ed. 
260 0 0 |a Kuala Lumpur :   |b Institut Penyelidikan Perhutanan Malaysia ,   |c 1999 
300 |a 50 p. :   |b ill. ;   |c 25 cm. 
440 0 0 |a FRIM technical information handbook; n. 28 
500 0 0 |a Bibliography: p. 49-50 
650 0 0 |a Wood   |x Preservation   |z Malaysia 
650 0 0 |a Wood   |x Preservatives 
700 0 1 |a Wong   |h Andrew Han Hoy 
710 1 1 |a Institut Penyelidikan Perhutanan Malaysia (FRIM) 
998 |a JPSM 
999 |a 0000003487   |b Monograph   |c Open Shelf   |e Default branch 
999 |a 0000006836   |b Monograph   |c Open Shelf   |e Default branch